| 000 | 00680nam a2200205 a 4500 | ||
|---|---|---|---|
| 001 | 000025112 | ||
| 005 | 20200930023555.0 | ||
| 008 | 110210s1996 dr a 000 0 spa d | ||
| 040 |
_aDO-SdBNP _bspa _cBNPHU |
||
| 082 |
_a641.5123 _bV145h |
||
| 100 | 1 |
_aValdés Del Monte, Yolanda de, _951503 |
|
| 245 | 1 | 0 |
_aHoy cocino yo / _cYolanda Valdés de Del Monte ; ilustraciones César Campillo. |
| 260 |
_aSanto Domingo : _bAmigo del hogar, _c1996. |
||
| 300 |
_a88 p. : _bil. ; _c22 cm. |
||
| 500 | _aLibro de cocina para niños de 8 años en adelante | ||
| 650 | 4 |
_aCocina infantil _951504 |
|
| 650 | 4 |
_aRecetarios _917916 |
|
| 700 | 1 |
_aCampillo, César, _eil. _951505 |
|
| 049 | _aBNPD | ||
| 999 |
_c24605 _d24605 |
||